| 000 | 00444pab a2200157 454500 | ||
|---|---|---|---|
| 008 | 180718b2013 xxu||||| |||| 00| 0 eng d | ||
| 100 | _aKhare, Ujjwala | ||
| 245 | _aTemporal changes in land use/land cove in the proximity of the IT park at Hinjewadi, Pune | ||
| 260 | _c2013 | ||
| 300 | _ap.139-145. | ||
| 650 | _aLand use | ||
| 700 | _aJoshi, Pradyumna | ||
| 773 | _aIndian Journal of Regional Science | ||
| 908 | _aN | ||
| 909 | _a102797 | ||
| 999 |
_c102795 _d102795 |
||